Susquehanna, (Record no. 7237)
[ view plain ]
| 000 -LEADER | |
|---|---|
| fixed length control field | 01010cam a22003011 4500 |
| 001 - CONTROL NUMBER | |
| control field | 7794409 |
| 003 - CONTROL NUMBER IDENTIFIER | |
| control field | OSt |
| 005 - DATE AND TIME OF LATEST TRANSACTION | |
| control field | 20210928155445.0 |
| 008 - FIXED-LENGTH DATA ELEMENTS--GENERAL INFORMATION | |
| fixed length control field | 780113s1924 meu 000 1 eng |
| 010 ## - LIBRARY OF CONGRESS CONTROL NUMBER | |
| LC control number | 24027701 |
| 035 ## - SYSTEM CONTROL NUMBER | |
| System control number | (OCoLC)3556398 |
| 040 ## - CATALOGING SOURCE | |
| Original cataloging agency | DLC |
| Language of cataloging | eng |
| Transcribing agency | HU |
| Modifying agency | NHemH |
| -- | DLC |
| 050 00 - LIBRARY OF CONGRESS CALL NUMBER | |
| Classification number | PS3503.R94 |
| Item number | S6 1924 |
| 100 1# - MAIN ENTRY--PERSONAL NAME | |
| Personal name | Brush, Frederic, |
| Dates associated with a name | 1871-1961. |
| 9 (RLIN) | 7718 |
| 245 10 - TITLE STATEMENT | |
| Title | Susquehanna, |
| Statement of responsibility, etc. | by Frederic Brush. |
| 250 ## - EDITION STATEMENT | |
| Edition statement | [3d. ed.] |
| 260 ## - PUBLICATION, DISTRIBUTION, ETC. | |
| Place of publication, distribution, etc. | Portland, Me., |
| Name of publisher, distributor, etc. | The Mosher Press, |
| Date of publication, distribution, etc. | 1924. |
| 300 ## - PHYSICAL DESCRIPTION | |
| Extent | vi, 139 p. |
| Dimensions | 19 cm. |
| 500 ## - GENERAL NOTE | |
| General note | "First edition, Feb. 1914 ... third ed., Oct. 1924." |
| 500 ## - GENERAL NOTE | |
| General note | "Five hundred and fifty copies of this book printed." |
| 500 ## - GENERAL NOTE | |
| General note | Autographed by the author. |
| 500 ## - GENERAL NOTE | |
| General note | Previous editions have title: Songs of the Susquehanna. |
| 530 ## - ADDITIONAL PHYSICAL FORM AVAILABLE NOTE | |
| Additional physical form available note | Also available in digital form. |
| 856 41 - ELECTRONIC LOCATION AND ACCESS | |
| Uniform Resource Identifier | <a href="http://hdl.loc.gov/loc.gdc/scd0001.00058363467">http://hdl.loc.gov/loc.gdc/scd0001.00058363467</a> |
| 906 ## - LOCAL DATA ELEMENT F, LDF (RLIN) | |
| a | 7 |
| b | cbc |
| c | oclcrpl |
| d | u |
| e | ncip |
| f | 19 |
| g | y-gencatlg |
| 942 ## - ADDED ENTRY ELEMENTS (KOHA) | |
| Source of classification or shelving scheme | Dewey Decimal Classification |
| Koha item type | Books like text book referance book |
| Suppress in OPAC | No |
| Withdrawn status | Lost status | Source of classification or shelving scheme | Damaged status | Not for loan | Home library | Current library | Shelving location | Date acquired | Total Checkouts | Full call number | Barcode | Date last seen | Copy number | Price effective from | Koha item type |
|---|---|---|---|---|---|---|---|---|---|---|---|---|---|---|---|
| Dewey Decimal Classification | Social Library | Social Library | General Stacks | 09/28/2021 | 168/WAL | SHLIB 00001071 | 09/28/2021 | 1 | 09/28/2021 | Books like text book referance book |